| 000 | 00368cam a2200157ua 4500 | ||
|---|---|---|---|
| 041 |
_aeng _h |
||
| 082 |
_a821 _bJEF/SE |
||
| 100 | _aJeffares, A N . | ||
| 245 | 0 | 0 |
_aSeven centuries of poetry / _cA N Jeffares. _hTextual Documents |
| 260 |
_aLondon : _bLongman , _c1961. |
||
| 300 | _a463 ; . | ||
| 504 | _a | ||
| 650 | _aPoetry | ||
| 942 | _cBK | ||
| 999 |
_c509 _d509 |
||